Menjaring angin menjelang ribut (Record no. 95328)

MARC details
000 -LEADER
fixed length control field 00656nam a2200241 i 4500
001 - CONTROL NUMBER
control field C2-0290028
003 - CONTROL NUMBER IDENTIFIER
control field PPAK
005 - DATE AND TIME OF LATEST TRANSACTION
control field 20180728022633.0
008 - FIXED-LENGTH DATA ELEMENTS--GENERAL INFORMATION
fixed length control field 080923s2008 my |||| ||||| | may d
020 ## - INTERNATIONAL STANDARD BOOK NUMBER
International Standard Book Number 9789836298577
040 ## - CATALOGING SOURCE
Original cataloging agency PPAK
Language of cataloging eng
Transcribing agency PPAK
Description conventions rda
082 04 - DEWEY DECIMAL CLASSIFICATION NUMBER
Classification number 899.232
Edition number 23
090 00 - LOCALLY ASSIGNED LC-TYPE CALL NUMBER (OCLC); LOCAL CALL NUMBER (RLIN)
Classification number (OCLC) (R) ; Classification number, CALL (RLIN) (NR) 899.232
Feature heading WAN
Feature heading G
100 0# - MAIN ENTRY--PERSONAL NAME
Personal name Wan Ahmad Ismail,
Relator term author
245 10 - TITLE STATEMENT
Title Menjaring angin menjelang ribut
264 #1 - PRODUCTION, PUBLICATION, DISTRIBUTION, MANUFACTURE, AND COPYRIGHT NOTICE
Place of production, publication, distribution, manufacture Kuala Lumpur :
Name of producer, publisher, distributor, manufacturer Dewan Bahasa dan Pustaka ,
Date of production, publication, distribution, manufacture, or copyright notice 2008
300 ## - PHYSICAL DESCRIPTION
Extent v, 301 pages ;
Dimensions 18 cm
336 ## - CONTENT TYPE
Source rdacontent
Content type term text
337 ## - MEDIA TYPE
Source rdamedia
Media type term unmediated
338 ## - CARRIER TYPE
Source rdacarrier
Carrier type term volume
650 10 - SUBJECT ADDED ENTRY--TOPICAL TERM
Topical term or geographic name entry element Malay drama
942 ## - ADDED ENTRY ELEMENTS (KOHA)
-- dc
Koha item type Book
Holdings
Withdrawn Not for loan Current library Shelving location Date acquired Full call number Barcode Date last seen Koha item type Total Checkouts
    Perpustakaan Pendang Pinjaman Dewasa 05/10/2008 899.232 WAN A01256635 09/05/2018 Book  
    PD31, Kg. Gelam, Bedong Pinjaman Dewasa 13/12/2009 899.232 WAN A01322747 09/05/2018 Book  
    PD33, Kg. Belau, Merbok Pinjaman Dewasa 13/12/2009 899.232 WAN A01322749 09/05/2018 Book  
    PD34, Kg. Pantai Prai Pinjaman Dewasa 30/03/2010 899.232 WAN A01338879 09/05/2018 Book  
    T-PD32, Kg. Thye Eng, Bedong Pinjaman Dewasa 13/12/2009 899.232 WAN A01322748 09/05/2018 Book